000
00211 a2200097 4500
001
9355
100
_a
Gasson, J D N
245
_a
Maths for technical students.
260
_a
_b
Cambridge
_c
090
_c
7518
_d
7518
942
_a
NUST-CAE
_c
M
_c
34176
999
_c
244428
_d
244428